[Event "Chicago Open 2008"]
[Site "Wheeling, IL"]
[Date "2008.05.23"]
[Round "1.2"]
[White "Wolf, Dan"]
[Black "Petrosian, Tigran"]
[Result "0-1"]
[WhiteElo "2321"]
[BlackElo "2716"]
[PlyCount "68"]
[EventDate "2008.05.??"]
[SourceDate "2008.05.24"]

1. e4 c5 2. Nf3 d6 3. d4 cxd4 4. Nxd4 Nf6 5. Nc3 g6 6. f4 Nc6 7. Nf3 Bg7 8. Bd3
O-O 9. O-O a6 10. Kh1 b5 11. a3 Bb7 12. Qe1 e6 13. Qh4 d5 14. e5 Nd7 15. Qh3
Nc5 16. Ne2 d4 17. Ng5 h6 18. Ne4 Nxd3 19. cxd3 Na5 20. Nd6 Nb3 21. Nxb7 Qb6
22. f5 exf5 23. Bxh6 Nxa1 24. Nd6 Bxe5 25. Nxf5 Rfe8 26. Neg3 Nc2 27. Ne4 gxf5
28. Rxf5 Re6 29. Rg5+ Rg6 30. Rxe5 Rxh6 31. Rg5+ Kh8 32. Rh5 Rxh5 33. Qxh5+ Kg8
34. Qh4 Re8 0-1

[Event "Chicago Open 2008"]
[Site "Wheeling, IL"]
[Date "2008.05.23"]
[Round "1.5"]
[White "Akobian, Varuzhan"]
[Black "Hilton, Jonathan"]
[Result "1-0"]
[WhiteElo "2666"]
[BlackElo "2246"]
[PlyCount "89"]
[EventDate "2008.05.??"]
[SourceDate "2008.05.24"]

1. d4 Nf6 2. c4 g6 3. Nc3 d5 4. Bg5 Ne4 5. Bh4 Nxc3 6. bxc3 Bg7 7. e3 c5 8.
cxd5 cxd4 9. cxd4 Qxd5 10. Nf3 Nc6 11. Qa4 Bd7 12. Qb5 Qxb5 13. Bxb5 Rc8 14.
Rb1 Na5 15. O-O Rc2 16. a4 a6 17. Bd3 Rc3 18. Be4 Bxa4 19. Bxb7 Bb5 20. Be4
Bxf1 21. Kxf1 Ra3 22. g4 Kd7 23. Rb6 Rc8 24. Rxa6 Nc4 25. Rxa3 Nxa3 26. Bg3 f6
27. h4 e6 28. d5 Nb5 29. dxe6+ Kxe6 30. h5 Rc4 31. Bd3 Rc1+ 32. Kg2 Nc3 33.
hxg6 hxg6 34. Bxg6 Nb5 35. Bd3 Nc7 36. Nd4+ Kd5 37. Bc2 Na6 38. Bb3+ Ke4 39.
Bd6 Bh8 40. Nf5 Rc3 41. Bf7 Rc6 42. Bg6 Kd5 43. Bf7+ Ke4 44. Kg3 Rb6 45. Bc4
1-0

[Event "Chicago Open 2008"]
[Site "Wheeling, IL"]
[Date "2008.05.23"]
[Round "1.7"]
[White "Hernandez, Gilberto"]
[Black "Filipovich, David"]
[Result "1-0"]
[WhiteElo "2602"]
[BlackElo "2229"]
[PlyCount "49"]
[EventDate "2008.05.??"]
[SourceDate "2008.05.24"]

1. e4 c6 2. d4 d5 3. Nd2 dxe4 4. Nxe4 Nf6 5. Nxf6+ gxf6 6. c3 Bf5 7. Ne2 Nd7 8.
Ng3 Bg6 9. h4 h5 10. Be2 Qa5 11. a4 O-O-O 12. O-O e5 13. b4 Qc7 14. b5 c5 15.
a5 exd4 16. cxd4 cxd4 17. b6 axb6 18. axb6 Nxb6 19. Bf3 Bb4 20. Bd2 Qd6 21.
Qc1+ Bc3 22. Bxc3 dxc3 23. Qxc3+ Kb8 24. Qa5 Bd3 25. Qa7+ 1-0

[Event "Chicago Open 2008"]
[Site "Wheeling, IL"]
[Date "2008.05.23"]
[Round "1.14"]
[White "Lee, David"]
[Black "Robson, Ray"]
[Result "0-1"]
[WhiteElo "1947"]
[BlackElo "2426"]
[PlyCount "48"]
[EventDate "2008.05.??"]
[SourceDate "2008.05.24"]

1. e4 c5 2. Nf3 d6 3. d4 cxd4 4. Nxd4 Nf6 5. Nc3 Nc6 6. Be2 e6 7. O-O Be7 8.
Kh1 O-O 9. g4 d5 10. Nxc6 bxc6 11. e5 Nd7 12. f4 f6 13. exf6 Nxf6 14. g5 Ne8
15. Bd3 g6 16. Qe1 Ng7 17. b3 Qc7 18. Ne2 c5 19. Ng3 Bb7 20. Bb2 Rxf4 21. Rxf4
Qxf4 22. Bxg7 Kxg7 23. Qxe6 Qf3+ 24. Kg1 Bxg5 0-1

[Event "Chicago Open 2008"]
[Site "Wheeling, IL"]
[Date "2008.05.23"]
[Round "1.15"]
[White "Amanov, Mesgen"]
[Black "Carroll, William"]
[Result "1-0"]
[WhiteElo "2390"]
[BlackElo "1784"]
[PlyCount "51"]
[EventDate "2008.05.??"]
[SourceDate "2008.05.24"]

1. d4 d5 2. Nf3 Nf6 3. Bf4 c5 4. c3 Qb6 5. Qb3 Nc6 6. e3 c4 7. Qxb6 axb6 8.
Nbd2 Nh5 9. Bc7 Ra6 10. e4 e6 11. Be2 Kd7 12. Bg3 Nxg3 13. hxg3 b5 14. exd5
exd5 15. Ng5 Ke8 16. Nxh7 Kd8 17. Rh5 Ne7 18. Nxf8 Rxh5 19. Bxh5 Ke8 20. Nh7
Rh6 21. Bxf7+ Kxf7 22. Ng5+ Kf6 23. Ngf3 Rh1+ 24. Nf1 Nc6 25. O-O-O b4 26. Ne3
1-0

[Event "Chicago Open 2008"]
[Site "Wheeling, IL"]
[Date "2008.05.24"]
[Round "1.21"]
[White "Felecan, Florin"]
[Black "Donahue, Robert"]
[Result "1-0"]
[WhiteElo "2459"]
[BlackElo "2036"]
[PlyCount "67"]
[EventDate "2008.05.??"]
[SourceDate "2008.05.24"]

1. d4 Nf6 2. Nf3 e6 3. Bg5 h6 4. Bxf6 Qxf6 5. e4 d6 6. e5 Qe7 7. Bd3 Nc6 8. O-O
d5 9. c3 g5 10. Na3 Bg7 11. Nc2 Bd7 12. Ne3 O-O-O 13. b4 Rdf8 14. b5 Nd8 15.
Qa4 Kb8 16. Rab1 b6 17. c4 dxc4 18. Be4 h5 19. Rfc1 g4 20. Rxc4 Nb7 21. Rxc7
Kxc7 22. Qxa7 Kd8 23. Qxb6+ Ke8 24. Nd2 f5 25. Bxb7 Kf7 26. Nec4 Kg6 27. Qd6
Qxd6 28. Nxd6 Rb8 29. a4 Bf8 30. N2c4 Rh7 31. a5 Be8 32. a6 Bxd6 33. Nxd6 Kg5
34. b6 1-0

[Event "Chicago Open 2008"]
[Site "Wheeling, IL"]
[Date "2008.05.25"]
[Round "1.23"]
[White "Paragua, Mark"]
[Black "Barclay, Kayin"]
[Result "1-0"]
[WhiteElo "2508"]
[BlackElo "2112"]
[PlyCount "77"]
[EventDate "2008.05.??"]
[SourceDate "2008.05.24"]

1. e4 e5 2. d4 d6 3. Nf3 exd4 4. Nxd4 g6 5. Nc3 Bg7 6. g3 Nc6 7. Be3 Nf6 8. h3
O-O 9. Bg2 Nxd4 10. Bxd4 c5 11. Be3 Qb6 12. Qd2 Be6 13. O-O Rad8 14. a3 Qa5 15.
Bg5 Rd7 16. Rad1 Qb6 17. b3 Qa5 18. Bxf6 Bxf6 19. Nd5 Qd8 20. Nxf6+ Qxf6 21. f4
Rdd8 22. g4 Bc8 23. Rf3 Qb2 24. Rd3 Qxa3 25. f5 c4 26. bxc4 Qc5+ 27. Rd4 b6 28.
Qh6 Qe5 29. Rd5 Qc3 30. e5 gxf5 31. Qg5+ Kh8 32. Qf6+ Kg8 33. R5d3 Qxc4 34.
gxf5 Qf4 35. Rd4 Qe3+ 36. Kh2 Qxe5+ 37. Qxe5 dxe5 38. Rxd8 Bxf5 39. c3 1-0

[Event "Chicago Open 2008"]
[Site "Wheeling, IL"]
[Date "2008.05.25"]
[Round "1.25"]
[White "Krimminger, Troy"]
[Black "Van de Mortel, Jan"]
[Result "0-1"]
[WhiteElo "1721"]
[BlackElo "2467"]
[PlyCount "70"]
[EventDate "2008.05.??"]
[SourceDate "2008.05.24"]

1. d4 Nf6 2. Bg5 Ne4 3. Bf4 d5 4. f3 Nf6 5. c3 c5 6. e3 Nc6 7. Qc2 Qb6 8. Bd3
c4 9. Bf1 Bf5 10. Qc1 e6 11. Nd2 Qd8 12. b3 b5 13. e4 Bg6 14. Nh3 b4 15. e5
bxc3 16. Nxc4 dxc4 17. exf6 Nxd4 18. Bxc4 Qxf6 19. O-O a6 20. Kh1 Nc2 21. Bg5
Qe5 22. f4 Qa5 23. Rb1 Ba3 24. Qd1 Ne3 25. Qf3 O-O 26. Qxe3 Bxb1 27. Rxb1 c2
28. Rc1 Bxc1 29. Qxc1 Qxa2 30. Nf2 Qb1 31. f5 exf5 32. Bd3 Qxc1+ 33. Bxc1 Rfd8
34. Be2 Re8 35. Bf1 Re1 0-1

[Event "Chicago Open 2008"]
[Site "Wheeling, IL"]
[Date "2008.05.24"]
[Round "2.6"]
[White "Becerra, Julio"]
[Black "Amanov, Mesgen"]
[Result "1-0"]
[WhiteElo "2648"]
[BlackElo "2390"]
[PlyCount "75"]
[EventDate "2008.05.??"]
[SourceDate "2008.05.24"]

1. e4 c5 2. Nf3 d6 3. Bb5+ Nd7 4. O-O Ngf6 5. Re1 e6 6. c3 a6 7. Ba4 b5 8. Bc2
Bb7 9. d3 Be7 10. Nbd2 O-O 11. Nf1 Qc7 12. h3 Rfe8 13. Ng3 Bf8 14. Bd2 Ne5 15.
Nh2 Ng6 16. h4 e5 17. Bg5 Nd7 18. Nf5 d5 19. Qg4 f6 20. Bh6 gxh6 21. h5 Kf7 22.
hxg6+ hxg6 23. Nh4 g5 24. Qh5+ Ke7 25. Nf5+ Kd8 26. Ng4 Qb6 27. Nge3 d4 28. Nd5
Bxd5 29. exd5 Kc7 30. cxd4 cxd4 31. Rec1 Rad8 32. a4 Kb8 33. axb5 axb5 34. Bd1
Nc5 35. Bf3 Rc8 36. d6 e4 37. Rxc5 Qxc5 38. d7 1-0

[Event "Chicago Open 2008"]
[Site "Wheeling, IL"]
[Date "2008.05.24"]
[Round "2.10"]
[White "Karklins, Andrew"]
[Black "Bady, Glenn"]
[Result "0-1"]
[WhiteElo "2303"]
[BlackElo "2186"]
[PlyCount "64"]
[EventDate "2008.05.??"]
[SourceDate "2008.05.24"]

1. e4 c5 2. Nf3 d6 3. d4 cxd4 4. Nxd4 Nf6 5. Nc3 a6 6. Qf3 Qb6 7. Nb3 e6 8. Be3
Qc7 9. Qg3 Nbd7 10. O-O-O b5 11. a3 Bb7 12. f3 Rc8 13. Rd2 d5 14. exd5 Nxd5 15.
Nxd5 Bxd5 16. Nd4 Qb7 17. Be2 b4 18. axb4 Qxb4 19. Kb1 g6 20. Rc1 Bd6 21. Qf2
O-O 22. Bxa6 Qa5 23. c4 Qxa6 24. b3 Bc6 25. Bh6 Rfe8 26. Nxc6 Rxc6 27. Qd4 e5
28. Qc3 Rb8 29. Rcd1 Qa3 30. Rb2 Rcb6 31. Rd3 Bb4 32. Qc2 Ra8 0-1

[Event "Chicago Open 2008"]
[Site "Wheeling, IL"]
[Date "2008.05.24"]
[Round "2.11"]
[White "Campiz, Leonardo"]
[Black "Wolf, Dan"]
[Result "1-0"]
[WhiteElo "2058"]
[BlackElo "2321"]
[PlyCount "159"]
[EventDate "2008.05.??"]
[SourceDate "2008.05.24"]

1. c4 Nf6 2. Nc3 e5 3. Nf3 e4 4. Ng5 b5 5. d3 exd3 6. exd3 bxc4 7. dxc4 Bb7 8.
Nf3 Be7 9. Be2 O-O 10. O-O d6 11. b3 Nbd7 12. Nd4 Ne4 13. Nd5 Bxd5 14. cxd5 Nc3
15. Qd2 Nxe2+ 16. Qxe2 Bf6 17. Be3 Nb6 18. Rfd1 Nxd5 19. Nc6 Qd7 20. Rxd5 Qxc6
21. Rd2 Rfe8 22. Rc2 Qb7 23. Rac1 c5 24. Rd1 Re6 25. Rcd2 Bd4 26. Qf3 Qxf3 27.
gxf3 Bxe3 28. fxe3 Rxe3 29. Rxd6 g6 30. Kf2 Rae8 31. R1d2 Rc3 32. R6d3 Rxd3 33.
Rxd3 Rc8 34. Rd7 c4 35. bxc4 Rxc4 36. Rxa7 h5 37. Ra3 Kg7 38. Re3 Ra4 39. Re2
Ra3 40. Kg2 Kf6 41. Rb2 Kg5 42. Kf2 Kh4 43. Kg2 Kg5 44. Kf2 f5 45. Rc2 Ra4 46.
Rb2 Kf4 47. Rc2 g5 48. h3 Ra3 49. Rc4+ Ke5 50. Rc5+ Ke6 51. Rc2 f4 52. Kg2 Kd5
53. Rd2+ Kc4 54. Rf2 Ra5 55. Kg1 Kc3 56. Re2 Kd3 57. Rb2 Ke3 58. Kg2 Kd3 59.
Kg1 Rc5 60. a4 Rc1+ 61. Kg2 Ra1 62. Rb3+ Kc4 63. Rb5 Ra2+ 64. Kg1 Rxa4 65. Rxg5
Kd4 66. Rxh5 Ke3 67. Rb5 Ra1+ 68. Kg2 Ra2+ 69. Kg1 Kxf3 70. Rb3+ Ke2 71. Rb8
Ra1+ 72. Kh2 Re1 73. Rb2+ Kf1 74. h4 f3 75. Kg3 Kg1 76. Kxf3 Ra1 77. Rb4 Kh2
78. Kg4 Rg1+ 79. Kf4 Kh3 80. h5 1-0

[Event "Chicago Open 2008"]
[Site "Wheeling, IL"]
[Date "2008.05.24"]
[Round "2.12"]
[White "Marshall, Mario"]
[Black "Homa, Seth"]
[Result "0-1"]
[WhiteElo "2014"]
[BlackElo "2261"]
[PlyCount "66"]
[EventDate "2008.05.??"]
[SourceDate "2008.05.24"]

1. e4 e5 2. Nf3 Nc6 3. Bc4 Bc5 4. c3 Nf6 5. d4 exd4 6. cxd4 Bb4+ 7. Nc3 Nxe4 8.
O-O Bxc3 9. d5 Bf6 10. Re1 Ne7 11. Rxe4 d6 12. Bg5 Bxg5 13. Nxg5 h6 14. Nxf7
Kxf7 15. Qf3+ Nf5 16. Re6 Bxe6 17. dxe6+ Ke7 18. Qxf5 Qe8 19. Rc1 c6 20. Rc3 g6
21. Qf4 Qf8 22. Qd2 Qf5 23. Rd3 Qe5 24. Qc3 Rh7 25. b4 Qg5 26. Qd4 Rd8 27. h4
Qc1+ 28. Kh2 Qe1 29. Qxa7 Ke8 30. Rf3 Qxb4 31. Qd4 Qc5 32. Qg4 Qh5 33. Qg3 Qe5
0-1

[Event "Chicago Open 2008"]
[Site "Wheeling, IL"]
[Date "2008.05.26"]
[Round "2.13"]
[White "Hilton, Jonathan"]
[Black "Varadaraj, Srikar"]
[Result "1/2-1/2"]
[WhiteElo "2246"]
[BlackElo "2017"]
[PlyCount "56"]
[EventDate "2008.05.??"]
[SourceDate "2008.05.24"]

1. Nf3 Nf6 2. c4 e6 3. g3 d5 4. d4 Be7 5. Bg2 b6 6. O-O Bb7 7. Nc3 O-O 8. Ne5
c5 9. dxc5 Nc6 10. Nxc6 Bxc6 11. cxb6 axb6 12. cxd5 exd5 13. Qb3 Qd7 14. Rd1
Bc5 15. e3 Rfd8 16. Qc2 Rac8 17. Qe2 Qe6 18. Qf1 Qe5 19. Nb5 Bd7 20. Nd4 Bg4
21. f3 Bd7 22. Qf2 h6 23. a3 Bxd4 24. exd4 Qf5 25. Be3 Rc2 26. Rd2 Rdc8 27.
Rad1 Rc1 28. Bf1 Qb1 1/2-1/2

[Event "Chicago Open 2008"]
[Site "Wheeling, IL"]
[Date "2008.05.24"]
[Round "2.14"]
[White "Carroll, William"]
[Black "Davis, Loal"]
[Result "0-1"]
[WhiteElo "1784"]
[BlackElo "2232"]
[PlyCount "88"]
[EventDate "2008.05.??"]
[SourceDate "2008.05.24"]

1. e4 c6 2. Nc3 d5 3. Nf3 Bg4 4. h3 Bxf3 5. Qxf3 e6 6. d4 dxe4 7. Qe3 Nf6 8.
Nxe4 Nxe4 9. Qxe4 Nd7 10. Bf4 Nf6 11. Qd3 Nd5 12. Be5 f6 13. Bg3 Bd6 14. Bxd6
Qxd6 15. c3 O-O 16. g3 Rad8 17. Bg2 f5 18. O-O f4 19. Be4 Nf6 20. Rad1 fxg3 21.
fxg3 Nxe4 22. Qxe4 Qxg3+ 23. Qg2 Rxf1+ 24. Rxf1 Qxg2+ 25. Kxg2 Rf8 26. Re1 Rf6
27. Kg3 Kf7 28. h4 Rf5 29. a3 Kf6 30. Rd1 Ke7 31. Re1 Kd6 32. Re2 a5 33. b4
axb4 34. axb4 Kd5 35. Kg2 g6 36. Re3 g5 37. Kg3 gxh4+ 38. Kxh4 Kc4 39. Kg4 h5+
40. Kh4 Rf1 41. Kxh5 Rc1 42. Rxe6 Rxc3 43. Re7 b5 44. Rc7 Kxd4 0-1

[Event "Chicago Open 2008"]
[Site "Wheeling, IL"]
[Date "2008.05.24"]
[Round "2.15"]
[White "Filipovich, David"]
[Black "Lee, David"]
[Result "1-0"]
[WhiteElo "2229"]
[BlackElo "1947"]
[PlyCount "123"]
[EventDate "2008.05.??"]
[SourceDate "2008.05.24"]

1. Nf3 Nf6 2. g3 g6 3. Bg2 Bg7 4. O-O O-O 5. d4 d6 6. c4 c6 7. Nc3 Nbd7 8. Qc2
a5 9. Rd1 Nb6 10. c5 Nbd5 11. e4 Nxc3 12. bxc3 dxc5 13. dxc5 Qe8 14. a4 Be6 15.
Rb1 Nd7 16. Be3 Rb8 17. Bf4 Nxc5 18. Bxb8 Qxb8 19. Nd4 Qc8 20. Nxe6 Qxe6 21. f4
h5 22. e5 h4 23. Qf2 Nxa4 24. Rxb7 Nxc3 25. Rc1 Qc4 26. Kh1 Qa6 27. Rc7 Rd8 28.
Rxc6 Nd1 29. Qf3 Qd3 30. Rc8 Rxc8 31. Rxc8+ Kh7 32. Qxd3 Nf2+ 33. Kg1 Nxd3 34.
Ra8 hxg3 35. hxg3 Nxe5 36. fxe5 Bxe5 37. g4 Bc3 38. Bd5 Kg7 39. Kg2 Bb4 40. Kf3
Bd2 41. Ke2 Bb4 42. Ra7 Kf6 43. Bb3 Kg7 44. Kd3 Kf6 45. Ke4 Be1 46. g5+ Kxg5
47. Bxf7 Bb4 48. Ra6 Bd6 49. Rxa5+ Kf6 50. Be8 Bb4 51. Ra2 g5 52. Rf2+ Kg7 53.
Kf5 Bc5 54. Re2 Kf8 55. Bd7 Bd4 56. Kxg5 e5 57. Kf6 e4+ 58. Ke6 e3 59. Rg2 Bc3
60. Bc6 Be1 61. Be4 Bc3 62. Bh7 1-0

[Event "Chicago Open 2008"]
[Site "Wheeling, IL"]
[Date "2008.05.24"]
[Round "2.20"]
[White "Kolev, Atanas"]
[Black "Felecan, Florin"]
[Result "1-0"]
[WhiteElo "2620"]
[BlackElo "2459"]
[PlyCount "65"]
[EventDate "2008.05.??"]
[SourceDate "2008.05.24"]

1. e4 c5 2. Nf3 d6 3. d4 cxd4 4. Nxd4 Nf6 5. Nc3 a6 6. Be2 e5 7. Nb3 Be7 8. O-O
O-O 9. a4 Be6 10. Bf3 Nbd7 11. Re1 Nc5 12. Nxc5 dxc5 13. Qe2 Qc7 14. Be3 c4 15.
a5 Bb4 16. Bb6 Qc6 17. Nd5 Nxd5 18. exd5 Bxd5 19. Bxd5 Qxd5 20. Qxe5 Qxe5 21.
Rxe5 Rfe8 22. Rxe8+ Rxe8 23. Kf1 Re6 24. c3 Be7 25. Ra4 Rc6 26. Ke2 f5 27. Ke3
Bf6 28. Bd4 Bg5+ 29. Kf3 Be7 30. h3 Kf7 31. Kf4 g6 32. Ke5 Bd8 33. Kd5 1-0

[Event "Chicago Open 2008"]
[Site "Wheeling, IL"]
[Date "2008.05.24"]
[Round "2.24"]
[White "Donahue, Robert"]
[Black "Obierak, Wladyslaw"]
[Result "1-0"]
[WhiteElo "2036"]
[BlackElo "2069"]
[PlyCount "53"]
[EventDate "2008.05.??"]
[SourceDate "2008.05.24"]

1. e4 Nc6 2. d4 e5 3. d5 Nce7 4. Nf3 Ng6 5. Be2 Nf6 6. Nbd2 Bc5 7. c4 d6 8. b4
Bb6 9. Qc2 Qe7 10. Nb3 a6 11. c5 Ba7 12. a4 O-O 13. Ba3 Bd7 14. Na5 b5 15. c6
Bg4 16. axb5 Nf4 17. bxa6 Nxg2+ 18. Kd1 Bxf2 19. Bc1 Nf4 20. Nc4 N6xd5 21. exd5
Nxd5 22. Ng5 Bxe2+ 23. Kxe2 Nf4+ 24. Bxf4 exf4+ 25. Kxf2 Qxg5 26. Qc3 Qh4+ 27.
Kf1 1-0

[Event "Chicago Open 2008"]
[Site "Wheeling, IL"]
[Date "2008.05.25"]
[Round "2.26"]
[White "Milman, Lev"]
[Black "Paragua, Mark"]
[Result "0-1"]
[WhiteElo "2528"]
[BlackElo "2508"]
[PlyCount "58"]
[EventDate "2008.05.??"]
[SourceDate "2008.05.24"]

1. e4 c5 2. Nf3 d6 3. d4 cxd4 4. Nxd4 Nf6 5. Nc3 a6 6. Be2 e5 7. Nb3 Be7 8. Be3
Be6 9. Nd5 Nbd7 10. Qd3 Bxd5 11. exd5 Nc5 12. Qd2 O-O 13. f3 b5 14. Na5 Nxd5
15. Nc6 Nxe3 16. Nxd8 Bg5 17. Bxb5 Raxd8 18. Bd3 f5 19. Qe2 e4 20. fxe4 fxe4
21. Bc4+ d5 22. Bb3 Ne6 23. Rg1 Nd4 24. Qxa6 Nexc2+ 25. Bxc2 Nxc2+ 26. Ke2 d4
27. Rae1 d3+ 28. Kd1 e3 29. Re2 Nd4 0-1

[Event "Chicago Open 2008"]
[Site "Wheeling, IL"]
[Date "2008.05.24"]
[Round "3.3"]
[White "Kolev, Atanas"]
[Black "Friedel, Joshua"]
[Result "1-0"]
[WhiteElo "2620"]
[BlackElo "2539"]
[PlyCount "89"]
[EventDate "2008.05.??"]
[SourceDate "2008.05.24"]

1. e4 e5 2. Nf3 Nc6 3. d4 exd4 4. Nxd4 Bc5 5. Be3 Qf6 6. c3 Nge7 7. g3 d5 8.
Bg2 Nxd4 9. cxd4 Bb4+ 10. Nc3 Bxc3+ 11. bxc3 dxe4 12. Bxe4 c6 13. O-O Bf5 14.
Bg2 O-O 15. c4 Rfd8 16. a4 Rd7 17. Qb3 Rad8 18. a5 Be6 19. Qb4 a6 20. Rad1 h6
21. Qa4 g5 22. Qa2 Bg4 23. f3 Bf5 24. g4 Bh7 25. f4 Qe6 26. Qf2 Qxg4 27. fxg5
Nf5 28. h3 Qg3 29. Qxg3 Nxg3 30. Rfe1 Re8 31. d5 cxd5 32. cxd5 Bc2 33. Rd2 Bb3
34. Bf2 Rxe1+ 35. Bxe1 Nf5 36. gxh6 Ne3 37. d6 Nxg2 38. Kxg2 Kh7 39. Bh4 Kxh6
40. Be7 Be6 41. Kf3 f6 42. Kf4 Kg6 43. Rg2+ Kh5 44. Re2 Bc4 45. Re3 1-0

[Event "Chicago Open 2008"]
[Site "Wheeling, IL"]
[Date "2008.05.24"]
[Round "3.4"]
[White "Stopa, Jacek"]
[Black "Petrosian, Tigran"]
[Result "1/2-1/2"]
[WhiteElo "2460"]
[BlackElo "2716"]
[PlyCount "47"]
[EventDate "2008.05.??"]
[SourceDate "2008.05.24"]

1. Nf3 Nf6 2. g3 d5 3. Bg2 c6 4. O-O Bg4 5. d3 Nbd7 6. Nbd2 e5 7. e4 dxe4 8.
dxe4 Be7 9. h3 Bh5 10. Qe2 O-O 11. a4 Re8 12. Rd1 Qc7 13. a5 Rad8 14. Nb3 h6
15. Bd2 Nc5 16. Nxc5 Bxc5 17. Be1 Rd4 18. Rxd4 exd4 19. Qc4 Bf8 20. Nxd4 Nxe4
21. a6 bxa6 22. Qxc6 Qxc6 23. Nxc6 Bc5 24. g4 1/2-1/2

[Event "Chicago Open 2008"]
[Site "Wheeling, IL"]
[Date "2008.05.24"]
[Round "3.9"]
[White "Bady, Glenn"]
[Black "Nakamura, Hikaru"]
[Result "0-1"]
[WhiteElo "2186"]
[BlackElo "2740"]
[PlyCount "56"]
[EventDate "2008.05.??"]
[SourceDate "2008.05.24"]

1. e4 d5 2. exd5 Qxd5 3. Nc3 Qa5 4. Bc4 c6 5. d4 Bf5 6. Nge2 e6 7. f3 Bd6 8. g4
Bg6 9. Bd2 Qc7 10. Be3 h5 11. Qd2 hxg4 12. fxg4 Nf6 13. Bd3 Bxd3 14. Qxd3 Rh3
15. Rg1 Nbd7 16. g5 Nd5 17. Nxd5 cxd5 18. g6 f5 19. Qd2 Nf6 20. Bf4 Ne4 21.
Bxd6 Qxd6 22. Qa5 Rxh2 23. O-O-O Ke7 24. Rh1 Rxe2 25. Rh7 Kf6 26. Qb5 Qf4+ 27.
Kb1 Qd2 28. Rc1 Qxc1+ 0-1

[Event "Chicago Open 2008"]
[Site "Wheeling, IL"]
[Date "2008.05.24"]
[Round "3.10"]
[White "Gurevich, Dmitry"]
[Black "Davis, Loal"]
[Result "1-0"]
[WhiteElo "2594"]
[BlackElo "2232"]
[PlyCount "63"]
[EventDate "2008.05.??"]
[SourceDate "2008.05.24"]

1. d4 d5 2. c4 e6 3. Nf3 c5 4. cxd5 exd5 5. Nc3 Nc6 6. g3 Nf6 7. Bg2 Be7 8. O-O
O-O 9. Bg5 cxd4 10. Nxd4 h6 11. Be3 Bg4 12. h3 Be6 13. Rc1 Qd7 14. Kh2 Na5 15.
Rc2 Nc4 16. Bc1 Rfd8 17. b3 Na3 18. Bxa3 Bxa3 19. Ncb5 Bd6 20. Nxd6 Qxd6 21.
Qd3 a6 22. Rd1 Rac8 23. Rcd2 Qb4 24. Qe3 Qd6 25. Qd3 Qb4 26. Nc2 Qb6 27. Qe3
Qd6 28. Qd4 Qc7 29. Ne3 Qa5 30. Qe5 Rc1 31. Rxd5 Rxd5 32. Nxd5 1-0

[Event "Chicago Open 2008"]
[Site "Wheeling, IL"]
[Date "2008.05.24"]
[Round "3.11"]
[White "Felecan, Florin"]
[Black "Filipovich, David"]
[Result "1-0"]
[WhiteElo "2459"]
[BlackElo "2229"]
[PlyCount "63"]
[EventDate "2008.05.??"]
[SourceDate "2008.05.24"]

1. d4 d5 2. c4 c6 3. Nc3 Nf6 4. Nf3 dxc4 5. a4 Na6 6. e4 Bg4 7. Bxc4 e6 8. O-O
Nb4 9. d5 cxd5 10. exd5 Nfxd5 11. Nxd5 exd5 12. Bb5+ Nc6 13. Qc2 Rc8 14. Ne5
Bd7 15. Qc3 f6 16. Nxc6 bxc6 17. Ba6 Rb8 18. Qg3 Kf7 19. Be3 Rb3 20. Rfd1 Qa5
21. Bd3 Rxb2 22. Rab1 Rxb1 23. Rxb1 Bb4 24. Qh4 c5 25. Qh5+ Ke7 26. Qxd5 c4 27.
Qxc4 Bd6 28. Rb7 Rb8 29. Rxa7 Qe1+ 30. Bf1 Rb4 31. Qd3 Qa1 32. Bc5 1-0

[Event "Chicago Open 2008"]
[Site "Wheeling, IL"]
[Date "2008.05.24"]
[Round "3.12"]
[White "Pereira, Silvio"]
[Black "Robson, Ray"]
[Result "0-1"]
[WhiteElo "2214"]
[BlackElo "2426"]
[PlyCount "76"]
[EventDate "2008.05.??"]
[SourceDate "2008.05.24"]

1. e4 c5 2. Nf3 d6 3. d4 cxd4 4. Qxd4 a6 5. c4 Nc6 6. Qd2 g6 7. b3 Bg7 8. Nc3
Nf6 9. Bb2 O-O 10. Be2 Rb8 11. O-O Nd7 12. Rfe1 Nc5 13. Bf1 Bg4 14. Nd5 Bxb2
15. Qxb2 Bxf3 16. gxf3 e5 17. f4 Nd4 18. Re3 Nce6 19. Rd1 Qh4 20. Rxd4 Nxd4 21.
Rh3 Qd8 22. f5 gxf5 23. exf5 f6 24. Qd2 Rf7 25. Bd3 Kh8 26. Be4 Rg7+ 27. Kf1
Qg8 28. f4 Nxf5 29. Nxf6 Qf7 30. Nh5 Rg4 31. Bf3 Rg6 32. Bd5 Qe7 33. Be4 Rf8
34. Ng3 Nxg3+ 35. hxg3 Rg7 36. f5 Qd7 37. Kg2 b5 38. c5 dxc5 0-1

[Event "Chicago Open 2008"]
[Site "Wheeling, IL"]
[Date "2008.05.24"]
[Round "3.16"]
[White "Homa, Seth"]
[Black "Donahue, Robert"]
[Result "1-0"]
[WhiteElo "2261"]
[BlackElo "2036"]
[PlyCount "67"]
[EventDate "2008.05.??"]
[SourceDate "2008.05.24"]

1. e4 c6 2. d4 d5 3. e5 Bf5 4. Nd2 e6 5. Nb3 Nd7 6. Nf3 Bg4 7. h3 Bxf3 8. Qxf3
Qc7 9. Be2 Ne7 10. O-O c5 11. c3 Nc6 12. Be3 c4 13. Nd2 b5 14. a3 a5 15. Bd1
Nb6 16. Qg4 Rb8 17. Bg5 Na7 18. f4 h6 19. Bh4 g6 20. Bf6 Rh7 21. Bc2 h5 22. Qg3
b4 23. axb4 axb4 24. Nf3 Nac8 25. f5 exf5 26. Bxf5 Ne7 27. Bc2 b3 28. Ng5 h4
29. Qf2 Rh6 30. Bb1 Ng8 31. e6 fxe6 32. Be5 Bd6 33. Bxd6 Qxd6 34. Qf7+ 1-0

[Event "Chicago Open 2008"]
[Site "Wheeling, IL"]
[Date "2008.05.24"]
[Round "3.20"]
[White "Lee, David"]
[Black "Karklins, Andrew"]
[Result "0-1"]
[WhiteElo "1947"]
[BlackElo "2303"]
[PlyCount "72"]
[EventDate "2008.05.??"]
[SourceDate "2008.05.24"]

1. e4 e5 2. Nf3 f5 3. Nxe5 Qf6 4. Nc4 fxe4 5. Nc3 Qf7 6. d3 d5 7. Ne5 Qe6 8.
Bf4 e3 9. Be2 Nf6 10. O-O Bd6 11. d4 Nc6 12. Bf3 O-O 13. fxe3 Rd8 14. Ng4 Bxf4
15. Nxf6+ Qxf6 16. Bxd5+ Rxd5 17. Nxd5 Bxh2+ 18. Kxh2 Qd6+ 19. Nf4 g5 20. Qh5
gxf4 21. Qe8+ Qf8 22. Qxf8+ Kxf8 23. Rxf4+ Kg7 24. Raf1 Be6 25. b3 Re8 26. Re4
Bf7 27. Rxe8 Bxe8 28. c4 Bg6 29. Kg3 Nd8 30. d5 Nf7 31. Rf4 Ng5 32. Kf2 a5 33.
c5 Ne4+ 34. Ke1 Nxc5 35. Rc4 b6 36. Rf4 Nd3+ 0-1

[Event "Chicago Open 2008"]
[Site "Wheeling, IL"]
[Date "2008.05.25"]
[Round "3.23"]
[White "Paragua, Mark"]
[Black "Van de Mortel, Jan"]
[Result "1/2-1/2"]
[WhiteElo "2508"]
[BlackElo "2467"]
[PlyCount "62"]
[EventDate "2008.05.??"]
[SourceDate "2008.05.24"]

1. e4 c5 2. d3 Nc6 3. g3 g6 4. Bg2 Bg7 5. f4 e6 6. Nf3 Nge7 7. O-O O-O 8. c3 d6
9. Be3 b6 10. Na3 Bb7 11. d4 cxd4 12. Nxd4 Nxd4 13. Bxd4 e5 14. fxe5 dxe5 15.
Be3 Qc7 16. Qb3 Nc6 17. Rad1 Na5 18. Qa4 Bc6 19. Qb4 Rfd8 20. Nb5 Bxb5 21. Qxb5
Qc4 22. a4 Qxb5 23. axb5 Nc4 24. Rxd8+ Rxd8 25. Bg5 f6 26. Bxf6 Bxf6 27. Rxf6
Rd1+ 28. Kf2 Rd2+ 29. Kf3 Rd3+ 30. Ke2 Rd2+ 31. Kf3 Rd3+ 1/2-1/2

[Event "Chicago Open 2008"]
[Site "Wheeling, IL"]
[Date "2008.05.25"]
[Round "4.10"]
[White "Friedel, Joshua"]
[Black "Homa, Seth"]
[Result "1-0"]
[WhiteElo "2539"]
[BlackElo "2261"]
[PlyCount "67"]
[EventDate "2008.05.??"]
[SourceDate "2008.05.24"]

1. e4 e5 2. Nf3 Nc6 3. Bb5 a6 4. Ba4 Nf6 5. O-O Nxe4 6. d4 b5 7. Bb3 d5 8. dxe5
Be6 9. Nbd2 Nc5 10. c3 Bg4 11. Bc2 Ne6 12. Re1 Bc5 13. Nb3 Bb6 14. a4 Rb8 15.
a5 Ba7 16. Be3 Bxe3 17. Rxe3 Bh5 18. Qe1 Bg6 19. Bxg6 fxg6 20. Nfd4 Ncxd4 21.
cxd4 O-O 22. Rc1 Qh4 23. g3 Qg4 24. Qe2 Qf5 25. f3 Rf7 26. Qd3 Qg5 27. Rc6 Nf4
28. Qd2 Re8 29. e6 Rf5 30. Re1 Nh3+ 31. Kg2 Rxf3 32. Kxf3 Rf8+ 33. Kg2 Qg4 34.
e7 1-0